Countries by More Populous Borders in 2 Minutes - Statistics

General Stats
  • This quiz has been taken 164 times
  • The average score is 141 of 157
Answers on the Map
Answers color-coded by a green-red scale on the quiz's map according to % correct below.
 
Answer Stats
Country % Correct
Argentina
100%
Bolivia
100%
Canada
100%
Guyana
100%
Paraguay
100%
United States
100%
Uruguay
100%
Venezuela
100%
Brazil
99%
Colombia
99%
France
99%
Libya
99%
Mexico
99%
Peru
99%
Suriname
99%
Afghanistan
98%
Austria
98%
Azerbaijan
98%
Belarus
98%
Belgium
98%
Bhutan
98%
China
98%
Denmark
98%
India
98%
Kazakhstan
98%
Kyrgyzstan
98%
Laos
98%
Luxembourg
98%
Mali
98%
Mongolia
98%
Morocco
98%
Myanmar
98%
Nepal
98%
Netherlands
98%
North Korea
98%
Pakistan
98%
Poland
98%
Russia
98%
Switzerland
98%
Tajikistan
98%
Vietnam
98%
Armenia
97%
Germany
97%
Iran
97%
Iraq
97%
Mauritania
97%
Norway
97%
Sudan
97%
Andorra
96%
Botswana
96%
Eswatini
96%
Georgia
96%
Jordan
96%
Kuwait
96%
Lesotho
96%
Mozambique
96%
Namibia
96%
Niger
96%
Oman
96%
Saudi Arabia
96%
South Africa
96%
Spain
96%
Tunisia
96%
Yemen
96%
Zimbabwe
96%
Bulgaria
95%
Chad
95%
Finland
95%
Ukraine
95%
Algeria
94%
Angola
94%
Burkina Faso
94%
Central African Republic
94%
Greece
94%
Italy
94%
Latvia
94%
Lithuania
94%
Malaysia
94%
Qatar
94%
Rep. of the Congo
94%
Somalia
94%
South Sudan
94%
Sweden
94%
Syria
94%
Uganda
94%
United Arab Emirates
94%
Zambia
94%
Djibouti
93%
Eritrea
93%
Papua New Guinea
93%
Portugal
93%
Turkey
93%
Burundi
92%
Cameroon
92%
D. R. Congo
92%
East Timor
92%
Indonesia
92%
Rwanda
92%
Tanzania
92%
Benin
91%
Estonia
91%
Hungary
91%
Ireland
91%
Israel
91%
United Kingdom
91%
Cambodia
90%
Chile
90%
Egypt
90%
Kenya
90%
Moldova
90%
Romania
90%
Slovenia
90%
Turkmenistan
90%
Ethiopia
88%
Guinea
88%
Thailand
88%
Slovakia
87%
El Salvador
86%
Nigeria
86%
Serbia
86%
Honduras
85%
Panama
85%
Gabon
84%
Sri Lanka
83%
Bangladesh
82%
Liberia
82%
San Marino
82%
Senegal
82%
Vatican City
82%
Belize
81%
Nicaragua
81%
Togo
81%
Ecuador
80%
Guatemala
80%
Ivory Coast
80%
North Macedonia
80%
Montenegro
78%
Bosnia and Herzegovina
77%
Costa Rica
76%
Croatia
76%
Czech Republic
74%
Dominican Republic
74%
Ghana
74%
Guinea-Bissau
73%
Albania
71%
Haiti
70%
Kosovo
70%
Sierra Leone
70%
Uzbekistan
68%
South Korea
67%
Gambia
66%
Malawi
66%
Equatorial Guinea
60%
Monaco
52%
Lebanon
45%
Brunei
39%
Liechtenstein
38%
No matching quizzes found
Score Distribution
Percent of People with Each Score
Percentile by Number Answered
Your Score History
You have not taken this quiz